Statistics for Artists By Song Title

Click here to take the quiz!

General Stats

  • This quiz has been taken 29 times
  • The average score is 144 of 357

Answer Stats

SongArtists% Correct
Your SongElton John
96%
Piano ManBilly Joel
92%
Born To RunBruce Springsteen
92%
Sexual HealingMarvin Gaye
92%
Hotel CaliforniaThe Eagles
92%
Like A Rolling StoneBob Dylan
88%
You're So VainCarly Simon
88%
Karma ChameleonCulture Club
88%
Beat ItMichael Jackson
88%
You Can Call Me AlPaul Simon
88%
All You Need Is LoveThe Beatles
88%
RoxanneThe Police
88%
Go Your Own WayFleetwood Mac
83%
Material GirlMadonna
83%
(Sitting On The) Dock Of The BayOtis Redding
83%
When Doves CryPrince
83%
Paint It BlackThe Rolling Stones
83%
Back In BlackAC/DC
79%
Heart Of GlassBlondie
79%
Total Eclipse Of The HeartBonnie Tyler
79%
Is She Really Going Out With HimJoe Jackson
79%
I Want To Break FreeQueen
79%
Maggie MayRod Stewart
79%
Wake Me Up Before You Go GoWham!
79%
Dream OnAerosmith
75%
Summer Of 69Bryan Adams
75%
Smoke On The WaterDeep Purple
75%
RioDuran Duran
75%
FaithGeorge Michael
75%
I Got You (I Feel Good)James Brown
75%
In The Air TonightPhil Collins
75%
SuperstitionStevie Wonder
75%
House Of The Rising SunThe Animals
75%
JoleneDolly Parton
71%
Heartbreak HotelElvis Presley
71%
Wonderful TonightEric Clapton
71%
Sweet DreamsEurythmics
71%
Paradise CityGuns N' Roses
71%
Great Balls Of FireJerry Lee Lewis
71%
Purple HazeJimi Hendrix
71%
What A Wonderful WorldLouis Armstrong
71%
Sweet CarolineNeil Diamond
71%
Beautiful DayU2
71%
A Horse With No NameAmerica
67%
Iron ManBlack Sabbath
67%
True ColoursCyndi Lauper
67%
Rebel RebelDavid Bowie
67%
American PieDon McLean
67%
At LastEtta James
67%
Invisible TouchGenesis
67%
Take Me Home Country RoadsJohn Denver
67%
Ring Of FireJohnny Cash
67%
Maybe I'm AmazedPaul McCartney
67%
Hit The Road JackRay Charles
67%
Love ShackThe B-52's
67%
London CallingThe Clash
67%
Anarchy In The UKThe Sex Pistols
67%
My GirlThe Temptations
67%
Can't Get Enough Of Your Love, BabeBarry White
63%
Rebel YellBilly Idol
63%
It's My LifeBon Jovi
63%
Le FreakChic
63%
Chain ReactionDiana Ross
63%
Son Of A Preacher ManDusty Springfield
63%
My WayFrank Sinatra
63%
My Sweet LordGeorge Harrison
63%
I Was Made For Loving YouKiss
63%
HallelujahLeonard Cohen
63%
Wish You Were HerePink Floyd
63%
Jessie's GirlRick Springfield
63%
Manic MondayThe Bangles
63%
Friday I'm In LoveThe Cure
63%
Won't Get Fooled AgainThe Who
63%
It's Not UnusualTom Jones
63%
Chain Of FoolsAretha Franklin
58%
Stand By MeBen E. King
58%
Rock Around The ClockBill Haley
58%
More Than A FeelingBoston
58%
If I Could Turn Back TimeCher
58%
The TwistChubby Checker
58%
Fortunate SonCreedence Clearwater Revival
58%
Foot LooseKenny Loggins
58%
Black DogLed Zeppelin
58%
Sweet Home AlabamaLynyrd Skynyrd
58%
Heart Of GoldNeil Young
58%
PhysicalOlivia Newton John
58%
Man On The MoonR.E.M.
58%
I Don't KnowRuth Brown
58%
SmoothSantana
58%
Don't You Forget About MeSimple Minds
58%
We Built This CityStarship
58%
Fields Of GoldSting
58%
Everybody Wants To Rule The WorldTears For Fears
58%
God Only KnowsThe Beach Boys
58%
Daydream BelieverThe Monkees
58%
Baby LoveThe Supremes
58%
RosannaToto
58%
Fast CarTracy Chapman
58%
We're Not Gonna Take ItTwisted Sister
58%
MoondanceVan Morrison
58%
Heaven Is A Place On EarthBelinda Carlisle
54%
Old Time Rock And RollBob Seger
54%
Pour Some Sugar On MeDef Leppard
54%
Personal JesusDepeche Mode
54%
Romeo And JulietDire Straits
54%
Piece Of My HeartJanis Joplin
54%
Instant KarmaJohn Lennon
54%
Walk On The Wild SideLou Reed
54%
Love Is A BattlefieldPat Benatar
54%
SledgehammerPeter Gabriel
54%
Every Rose Has Its ThornPoison
54%
Killing Me Softly With His SongRoberta Flack
54%
Only The LonelyRoy Orbison
54%
Born To Be WildSteppenwolf
54%
Psycho KillerTalking Heads
54%
500 MilesThe Proclaimers
54%
PanamaVan Halen
54%
Sharp Dressed ManZZ Top
54%
The Thrill Is GoneB.B. King
50%
The RoseBette Midler
50%
That'll Be The DayBuddy Holly
50%
If You Leave Me NowChicago
50%
Hot StuffDonna Summer
50%
If This Is ItHuey Lewis
50%
The PassengerIggy Pop
50%
Fire And RainJames Taylor
50%
Are You Gonna Go My WayLenny Kravitz
50%
HelloLionel Richie
50%
DownunderMen At Work
50%
Beds Are BurningMidnight Oil
50%
Girls, Girls, GirlsMotley Crue
50%
Because The NightPatti Smith
50%
Love Of The Common PeoplePaul Young
50%
Just What I NeededThe Cars
50%
American WomanThe Guess Who
50%
Waterloo SunsetThe Kinks
50%
Nights In White SatinThe Moody Blues
50%
Let's Stay TogetherAl Green
46%
Three Little BirdsBob Marley
46%
It's Too LateCarole King
46%
Blueberry HillFats Domino
46%
Cold As IceForeigner
46%
Need You TonightINXS
46%
With A Little Help From My FriendsJoe Cocker
46%
Big Yellow TaxiJoni Mitchell
46%
Our HouseMadness
46%
Don't Look Back In AngerOasis
46%
I Wanna Be SedatedRamones
46%
Keep On Loving YouREO Speedwagon
46%
Havin' A PartySam Cooke
46%
The JokerSteve Miller Band
46%
Roadhouse BluesThe Doors
46%
Unchained MelodyThe Righteous Brothers
46%
This Charming ManThe Smiths
46%
RoundaboutYes
46%
I'm Not In Love10cc
42%
MandyBarry Manilow
42%
To Love SomebodyBee Gees
42%
Father And SonCat Stevens
42%
You Never Can TellChuck Berry
42%
White RoomCream
42%
Walk On ByDionne Warwick
42%
The Boys Of SummerDon Henley
42%
ManeaterHall & Oates
42%
Running On EmptyJackson Browne
42%
Hurts So GoodJohn Mellencamp
42%
Wuthering HeightsKate Bush
42%
The GamblerKenny Rogers
42%
Long Tall SallyLittle Richard
42%
Crazy TrainOzzy Osbourne
42%
Lady MarmaladePatti Labelle
42%
Chuck E's In LoveRickie Lee Jones
42%
Addicted To LoveRobert Palmer
42%
Rock You Like A HurricaneScorpions
42%
Sound Of SilenceSimon & Garfunkel
42%
Reelin' In The YearsSteely Dan
42%
The WeightThe Band
42%
What A Fool BelievesThe Doobie Brothers
42%
Wild ThingThe Troggs
42%
The Boys Are Back In TownThin Lizzy
42%
Here I Go AgainWhitesnake
42%
SOSABBA
38%
Wicked GameChris Isaak
38%
Midnight Train To GeorgiaGladys Knight
38%
Thick As A BrickJethro Tull
38%
Time In A BottleJim Croce
38%
Love HurtsNazareth
38%
Give A Little BitSupertramp
38%
Centrefoldthe J. Geils Band
38%
Brass In PocketThe Pretenders
38%
Happy TogetherThe Turtles
38%
The BestTina Turner
38%
You Ain't Seen Nothing YetBachman Turner Overdrive
33%
Shake, Rattle And RollBig Joe Turner
33%
Ain't No SunshineBill Withers
33%
Dream LoverBobby Darin
33%
We Don't Talk AnymoreCliff Richard
33%
Southern CrossCrosby, Stills & Nash
33%
Evil WomanElectric Light Orchestra
33%
Oliver's ArmyElvis Costello
33%
Bad To The BoneGeorge Thorogood
33%
AloneHeart
33%
Somebody To LoveJefferson Airplane
33%
Breaking The LawJudas Priest
33%
You're No GoodLinda Ronstadt
33%
Short PeopleRandy Newman
33%
Right Here WaitingRichard Marx
33%
AngelsRobbie Williams
33%
Tracks Of My TearsSmokey Robinson
33%
The Edge Of SeventeenStevie Nicks
33%
RenegadeStyx
33%
Wake Up Little SusieThe Everly Brothers
33%
The Air That I BreatheThe Hollies
33%
I Want You BackThe Jackson 5
33%
Town Called MalliceThe Jam
33%
California DreamingThe Mama's & The Papa's
33%
Cherry BombThe Runaways
33%
She's Not ThereThe Zombies
33%
American GirlTom Petty
33%
Hot LoveT.Rex
33%
Werewolves Of LondonWarren Zevon
33%
On The Road AgainWillie Nelson
33%
EasyCommodores
29%
Runaround SueDion
29%
Two Tickets To ParadiseEddie Money
29%
Truckin'Grateful Dead
29%
Big Boss ManJimmy Reed
29%
Bad ReputationJoan Jett
29%
How Can We Be LoversMichael Bolton
29%
Baby, I Love Your WayPeter Frampton
29%
Money's Too TightSimply Red
29%
Top Of The WorldThe Carpenters
29%
Under The BoardwalkThe Drifters
29%
I Wanna Be Your DogThe Stooges
29%
Ballroom BlitzThe Sweet
29%
Sweet JaneThe Velvet Underground
29%
Jersey GirlTom Waits
29%
Stand And DeliverAdam Ant
25%
Feel Like Makin' LoveBad Company
25%
RasputinBoney M
25%
Ain't NobodyChaka Khan
25%
The FlameCheap Trick
25%
Lady In RedChris De Burgh
25%
SeptemberEarth, Wind & Fire
25%
Summertime BluesEddie Cochran
25%
I Can't Help MyselfFour Tops
25%
(Your Love Keeps Lifting Me) HigherJackie Wilson
25%
Boom BoomJohn Lee Hooker
25%
You Took The Words Right Out Of My MouthMeat Loaf
25%
Cum On Feel The NoizeSlade
25%
I Don't Wanna Go HomeSouthside Johnny
25%
Cool For CatsSqueeze
25%
Higher LoveSteve Winwood
25%
I Don't Like MondaysThe Boomtown Rats
25%
The Whole Of The MoonThe Waterboys
25%
Slave To LoveBryan Ferry
21%
For What It's WorthBuffalo Springfield
21%
The Road To HellChris Rea
21%
I Touch MyselfDivinyls
21%
Rock And Roll (Part 1)Gary Glitter
21%
The Old Man Down The RoadJohn Fogerty
21%
Missing YouJohn Waite
21%
Kiss Me DeadlyLita Ford
21%
Out Of The DarknessLittle Steven
21%
Mannish BoyMuddy Waters
21%
Red Right HandNick Cave
21%
Come And Get Your LoveRed Bone
21%
Love Is The DrugRoxy Music
21%
Under The Moon Of LoveShowaddywaddy
21%
Gimme Some Lovin'Spencer Davis Group
21%
Love TrainThe O'Jays
21%
Only YouThe Platters
21%
A Message To You RudyThe Specials
21%
Heart Full Of SoulThe Yardbirds
21%
Department Of YouthAlice Cooper
17%
Love Really Hurts Without YouBilly Ocean
17%
RoadrunnerBo Diddley
17%
Love Has No PrideBonnie Raitt
17%
Move On UpCurtis Mayfield
17%
Season Of The WitchDonovan
17%
When You're In Love With A Beautiful WomanDr Hook
17%
Release MeEngelbert Humperdinck
17%
Can't Take My Eyes Off Of YouFrankie Valli & The Four Seasons
17%
Still Got The BluesGary Moore
17%
Smokestack LightningHowlin' Wolf
17%
Many Rivers To CrossJimmy Cliff
17%
Life's Been GoodJoe Walsh
17%
The Living YearsMike + The Mechanics
17%
Everyday Is Like SundayMorrissey
17%
You Do Something To MePaul Weller
17%
Soul ManSam & Dave
17%
This Ole HouseShakin' Stevens
17%
Family AffairSly & The Family Stone
17%
StrangleholdTed Nugent
17%
Twist And ShoutThe Isley Brothers
17%
Eve Of DestructionBarry McGuire
13%
Levi Stubb's TearsBilly Bragg
13%
Lido ShuffleBoz Scaggs
13%
Damn Right, I Got The BluesBuddy Guy
13%
Ever Fallen In LoveBuzzcocks
13%
When The War Is OverCold Chisel
13%
Better Be Home SoonCrowded House
13%
Right Place Wrong TimeDr John
13%
Fooled Around And Fell In LoveElvin Bishop
13%
Heaven (Must Be There)Eurogliders
13%
Dancing With MyselfGeneration X
13%
Give Me The NightGeorge Benson
13%
Electric BlueICEHOUSE
13%
The Night They Drove Old Dixie DownJoan Baez
13%
Never Too MuchLuther Vandross
13%
Do Wah Diddy DiddyManfredd Mann
13%
Kick Out The JamsMC5
13%
Dumb ThingsPaul Kelly
13%
Cry To MeSolomon Burke
13%
Whatever You WantStatus Quo
13%
Pride And JoyStevie Ray Vaughan
13%
Devil Gate DriveSuzi Quatro
13%
Friday On My MindThe Easybeats
13%
The Boys Light UpAustralian Crawl
8%
Ain't No Love In The Heart Of The CityBobby Blue Bland
8%
Everything I OwnBread
8%
One SummerDaryl Braithwaite
8%
SwayDean Martin
8%
The Ghetto Pt 1Donny Hathaway
8%
Stay With MeFaces
8%
Bobby Brown Goes DownFrank Zappa
8%
Working Class ManJimmy Barnes
8%
Come MondayJimmy Buffett
8%
You're The VoiceJohn Farnham
8%
Help Is On Its WayLittle River Band
8%
Stagger LeeLloyd Price
8%
Live It UpMental As Anything
8%
Personality CrisisNew York Dolls
8%
Born In ChicagoPaul Butterfield Blues Band
8%
I WonderRodriguez
8%
Midnight RiderThe Allman Brothers Band
8%
Am I Ever Gonna See Your Face AgainThe Angels
8%
Isn't It TimeThe Baby's
8%
Midnight ConfessionsThe Grass Roots
8%
Midnight To Six ManThe Pretty Things
8%
Can We Still Be FriendsTodd Rundgren
8%
Dear Mr FantasyTraffic
8%
April Sun In CubaDragon
4%
What's My SceneHoodoo Guru's
4%
Going DownJeff Beck Group
4%
Give It UpKC & The Sunshine Band
4%
A Song For YouLeon Russell
4%
FeverLittle Willie John
4%
Wastin' TimePeter Wolf
4%
MagicPilot
4%
Blank GenerationRichard Hell
4%
I Got YouSplit Enz
4%
The Killer MoonT.Bone Burnett
4%
Jump In My CarTed Mulry Gang
4%
I'll Take You ThereThe Staple Singers
4%
You're The Best ThingThe Style Council
4%
Ship Of FoolsWorld Party
4%

Score Distribution

Percentile by Number Answered

Percent of People with Each Score

Your Score History

You have not taken this quiz